Moluscos: tecnología de cultivo
সংরক্ষণ করুন:
| প্রধান লেখক: | |
|---|---|
| বিন্যাস: | গ্রন্থ |
| ভাষা: | স্প্যানিশ |
| প্রকাশিত: |
Madrid
Mundi-Prensa
1989
|
| বিষয়গুলি: | |
| ট্যাগগুলো: |
ট্যাগ যুক্ত করুন
কোনো ট্যাগ নেই, প্রথমজন হিসাবে ট্যাগ করুন!
|
MARC
| LEADER | 00000nam a2200000 a 4500 | ||
|---|---|---|---|
| 001 | UCV4867 | ||
| 003 | CL-VaPUC | ||
| 008 | 891016e19890000SP |||||||||||||||||spa|d | ||
| 082 | 0 | 4 | |a 639.4 |b BAU |2 21 |
| 100 | 0 | |a Bautista Parejo, Carmen |e author |9 299038 | |
| 245 | 1 | 0 | |a Moluscos: tecnología de cultivo |
| 300 | |a 167 p | ||
| 942 | |c BK | ||
| 945 | |d 19891016 00:00:00 | ||
| 260 | |a Madrid |b Mundi-Prensa |c 1989 | ||
| 650 | 7 | |a MOLUSCOS CRIA Y DESARROLLO |2 CL-VaPUC |9 261189 | |
| 583 | |a last modification |c 19891016 00:00:00 |k Rodrigo Vera | ||
| 999 | |c 211511 |d 211509 | ||
| 952 | |0 0 |1 0 |4 0 |6 639_400000000000000_BAU_1989 |7 0 |8 CCM |9 190948 |a BIBCUR |b BIBCUR |d 2019-11-14 |i 258638K |o 639.4 BAU 1989 |p 258638K |r 2025-04-22 |w 2019-11-14 |y BK_R |k CIM | ||
| 952 | |0 0 |1 0 |4 0 |6 639_400000000000000_BAU_1989 |7 0 |8 R |9 190949 |a BIBCUR |b BIBCUR |d 2019-11-14 |i 3438805 |l 1 |o 639.4 BAU 1989 |p 3438805 |r 2025-04-22 |s 2020-03-10 |w 2019-11-14 |y BK_R |k CIM | ||